000 01325nam a22002897a 4500
003 dpl
005 20180911111326.0
008 180911b xxu||||| |||| 00| 0 eng d
010 _aB-055240
020 _c00.00
035 _aB-055240, B-055244
037 _bCen Lib/Ret
040 _aDPL
_bHN
_c0
082 _a
_bमूर्तिरा
100 _aमूर्तिराव, ए.एन.
_969461
245 _aजीवन संध्या में सिंहावलोकन /
_cए.एन.मूर्तिराव; अनुवादक इन्दिरा कृष्णमूर्ति
246 _aJeevan sandhya me sinhavlokan /
_bby A.N.Mutirav; anuvadak Indira Krishnmurti
260 _aबेंगलूर
_bएन जे बालाजी पब्लिशर्स प्रैवेट लिमिटेड
_c2000
270 _bबेंगलूर
_e560 001
300 _avix,527पृ.
_c20सेमी(सजिल्द)
650 _aहिन्दी साहित्य
_969462
650 _aहिन्दी -- उपन्यास
_969463
650 _aHindi literature
_969464
650 _aHindi -- Fiction
_927248
700 _aइन्दिरा कृष्णमूर्ति
_942819
942 _2ddc
_cHN
_h
_mमूर्तिरा
999 _c116998
_d116998